000 00558nam a2200241Ia 4500
003 OSt
005 20221005124153.0
006 a|||||r|||| 00| 0
007 ta
008 221004b |||||||| |||| 00| 0 eng d
024 _a71504
037 _cTextual
040 _aCRL
_cCRL
_beng
041 _2eng
_aeng
082 _aV3:213wK15, A
100 _aHutchinson
_9634798
245 0 _aMemoirs
250 _a5th
260 _c1870
650 _aHISTORY
942 _hV3:213wK15, A
_cTEXL
_2cc
999 _c1049653
_d1049653